Zlobilky /
Příběhy o zlobivých holčičkách doprovázejí veselé ilustrace M. Vydrové. Pro čtenáře od sedmi let.
Uloženo v:
| Hlavní autor: | |
|---|---|
| Další autoři: | |
| Médium: | E-kniha |
| Jazyk: | Czech |
| Vydáno: |
V Praze :
Albatros,
2018
|
| Vydání: | 3. vydání |
| Edice: | Druhé čtení (Albatros)
Už si čteme sami |
| Témata: | |
| Tagy: |
Žádné tagy |
| LEADER | 02734nam a2200505 i 4500 | ||
|---|---|---|---|
| 001 | 310958 | ||
| 003 | CZ PrSKC | ||
| 005 | 20260601215657.0 | ||
| 007 | ta | ||
| 008 | 181016s2018 xr a b 000 j cze | ||
| 015 | |a cnb003045919 | ||
| 020 | |a 9788000051451 |q (vázáno) : |c Kč 179,00 | ||
| 035 | |a (OCoLC)1078645651 | ||
| 040 | |a OLA001 |b cze |e rda | ||
| 072 | 7 | |a 821.162.3-3 |x Česká próza |2 Konspekt | |
| 072 | 7 | |a 821-93 |x Literatura pro děti a mládež (beletrie) |2 Konspekt | |
| 080 | |a 821.162.3-32 |2 MRF | ||
| 080 | |a 821-93 |2 MRF | ||
| 080 | |a (0:82-32) |2 MRF | ||
| 100 | 1 | |a Drijverová, Martina, |d 1951-2022 |7 jk01023067 |4 aut | |
| 245 | 1 | 0 | |a Zlobilky / |c Martina Drijverová ; ilustrovala Markéta Vydrová |
| 250 | |a 3. vydání | ||
| 264 | 1 | |a V Praze : |b Albatros, |c 2018 | |
| 300 | |a 75 stran : |b barevné ilustrace ; |c 21 cm | ||
| 336 | |a text |b txt |2 rdacontent | ||
| 336 | |a statický obraz |b sti |2 rdacontent | ||
| 337 | |a bez média |b n |2 rdamedia | ||
| 338 | |a svazek |b nc |2 rdacarrier | ||
| 490 | 1 | |a Druhé čtení | |
| 490 | 1 | |a Už si čteme sami | |
| 520 | 2 | |a Příběhy o zlobivých holčičkách doprovázejí veselé ilustrace M. Vydrové. Pro čtenáře od sedmi let. |b Jedna holčička vymyslela, že když budou tatínek s maminkou po ní chtít nějakou práci: aby něco přinesla nebo udělala, řekne, že se moc bojí, že ji něco kousne. Vymýšlela si tak dlouho, až ji opravdu snědla velká šála. Jiná se zase vůbec nechtěla mýt a jaké bylo její překvapení, když ji vcucla voda ve vaně a ona se dostala až k vodníčkům do pračky. A co teprve holčička, co stále na něco ukazovala prstem a říkala lidem nepěkné věci. Jak mohly asi takové příběhy o zlobivých holčičkách dopadnout? Byly jejich konce špatné nebo se holčičky napravily? To všechno se dočtete v této veselé knížce o zlobení. Vychází v edii Druhé čtení. | |
| 521 | 8 | |a Pro čtenáře od 7 let | |
| 655 | 7 | |a české příběhy |7 fd133973 |2 czenas | |
| 655 | 7 | |a publikace pro děti |7 fd133156 |2 czenas | |
| 655 | 9 | |a Czech stories |2 eczenas | |
| 655 | 9 | |a children's literature |2 eczenas | |
| 700 | 1 | |a Vydrová, Markéta, |d 1968- |7 xx0028719 |4 ill | |
| 830 | 0 | |a Druhé čtení (Albatros) | |
| 830 | 0 | |a Už si čteme sami | |
| 900 | |a ABA001 |b 19 | ||
| 928 | 9 | |a Albatros Media - Albatros | |
| 044 | |a xr | ||
| 910 | |a RBIT002 | ||
| 998 | |d 179710 |a https://core.palmknihy.cz/api/books/179710/cover?ph3swl |b https://core.palmknihy.cz/api/books/179710/cover/400?ph3swl |c https://core.palmknihy.cz/api/books/179710/cover/50?ph3swl |e 2033-12-31 |g 80 |i 9788000051451 |k https://core.palmknihy.cz/api/books/179710/preview.pdf |l |q 49 |r 1 |s https://www.palmknihy.cz/kniha/179710 |t ebook |y 2018 |z 0 | ||
| 999 | |d 310956 | ||